|
|
|
|
| LEADER |
01648cas a2200241 a 4500 |
| 001 |
AALejournalIMF010643 |
| 008 |
230101c9999 xx r poo 0 0eng d |
| 020 |
|
|
|z 9781451924640
|
| 022 |
|
|
|a 0250-7447
|
| 040 |
|
|
|a BD-DhAAL
|c BD-DhAAL
|
| 110 |
2 |
|
|a International Monetary Fund.
|b External Relations Dept.
|
| 240 |
1 |
0 |
|a Finanzas y Desarrollo, diciembre de 2002.
|l Spanish
|
| 245 |
1 |
0 |
|a Finanzas y Desarrollo, diciembre de 2002.
|
| 264 |
|
1 |
|a Washington, D.C. :
|b International Monetary Fund,
|c 2002.
|
| 300 |
|
|
|a 1 online resource (59 pages)
|
| 490 |
1 |
|
|a Finance and Development
|
| 500 |
|
|
|a <strong>Off-Campus Access:</strong> No User ID or Password Required
|
| 500 |
|
|
|a <strong>On-Campus Access:</strong> No User ID or Password Required
|
| 506 |
|
|
|a Electronic access restricted to authorized BRAC University faculty, staff and students
|
| 520 |
3 |
|
|a Para estar al corriente del pensamiento actual sobre el sistema financiero internacional, la politica monetaria, el desarrollo economico, la reduccion de la pobreza y otros temas cruciales, suscribase a Finanzas y Desarrollo. Esta amena revista trimestral ofrece analisis profundos del personal tecnico del FMI y destacados expertos internacionales sobre estas y otras cuestiones. Los articulos estan dirigidos a un publico no especializado que desea comprender mejor el funcionamiento de la economia mundial y las politicas y actividades del FMI.
|
| 538 |
|
|
|a Mode of access: Internet
|
| 830 |
|
0 |
|a Finance and Development; Finance and Development ;
|v No. 0039/004
|
| 856 |
4 |
0 |
|z Full text available on IMF
|u http://elibrary.imf.org/view/journals/022/0039/004/022.0039.issue-004-es.xml
|z IMF e-Library
|